Reflections on Inter-faith Themes (Record no. 20952)

MARC details
000 -LEADER
fixed length control field 00328nam a22001457a 4500
020 ## - INTERNATIONAL STANDARD BOOK NUMBER
ISBN 978-81-7214-986-4
082 ## - DEWEY DECIMAL CLASSIFICATION NUMBER
Classification number 291.172 FRA
100 ## - MAIN ENTRY--AUTHOR NAME
Author name Francis, Dayanandan
245 ## - TITLE STATEMENT
Title Reflections on Inter-faith Themes
260 ## - PUBLICATION, DISTRIBUTION, ETC. (IMPRINT)
Place of publication Delhi
Name of publisher ISPCK
Year of publication 2007
300 ## - PHYSICAL DESCRIPTION
Number of Pages 112
650 ## - SUBJECT ADDED ENTRY--TOPICAL TERM
Topical Term Interfaith
942 ## - ADDED ENTRY ELEMENTS (KOHA)
Koha item type Books
Holdings
Home library Current library Shelving location Date acquired Source of acquisition Cost, normal purchase price Full call number Accession Number Koha item type
Henry Martyn Institute Library Henry Martyn Institute Library General stacks 03/05/2015 ISPCK 75.00 291.172 FRA 11-2853 Books
                   Copyright © 2026 | Henry Martyn Institute | Hyderabad | TS-500052 | INDIA | Implemented by hmi.edu.in
Hit-Count:

Powered by Koha